Normal view
MARC view
- Treskatis, Christoph.
Entry Personal Name
001 - CONTROL NUMBER
- control field: 25108
003 - CONTROL NUMBER IDENTIFIER
- control field: NUST
005 - DATE AND TIME OF LATEST TRANSACTION
- control field: 20191104135946.0
008 - FIXED-LENGTH DATA ELEMENTS
- fixed length control field: 191104|| aca||aabn | a|a d
040 ## - CATALOGING SOURCE
- Original cataloging agency: NUST
- Transcribing agency: NUST
100 ## - HEADING--PERSONAL NAME
- Personal name: Treskatis, Christoph.
670 ## - SOURCE DATA FOUND
- Source citation: Work cat.: (NUST): Houben, Georg. 25106, Water well rehabilitation and reconstruction, c2007.
